Serie Panorama Centro-Americano/
Uloženo v:
| Médium: | Kniha |
|---|---|
| Jazyk: | Spanish |
| Vydáno: |
Sao Paolo, Brasil:
Servicio Informativo sobre América Central
|
| Témata: | |
| Tagy: |
Přidat tag
Žádné tagy, Buďte první, kdo vytvoří štítek k tomuto záznamu!
|
MARC
| LEADER | 00000nam a22000007a 4500 | ||
|---|---|---|---|
| 003 | cru CIDCACS/IIS | ||
| 005 | 20200514105624.0 | ||
| 008 | 200514n bl |||p|r||||||0| ||spa|d | ||
| 999 | |c 43137 |d 43137 | ||
| 040 | |c cru CIDCACS/IIS | ||
| 090 | |a REV1162 | ||
| 245 | |a Serie Panorama Centro-Americano/ |c Servicio Informativo sobre América Central | ||
| 260 | |a Sao Paolo, Brasil: |b Servicio Informativo sobre América Central | ||
| 270 | |a Rua prof. Sebastiào Soares de Faria, 57 6º Andar Cep. 013117, Sao Paolo S. P. |d Brasil | ||
| 500 | |a EXISTENCIAS : 1989 6 (116) Ejemplar único en base Cepal | ||
| 650 | 0 | |9 2795 |a RELIGION | |
| 650 | 4 | |9 3179 |a IGLESIA CATOLICA | |
| 650 | 0 | |9 4684 |a CRISTIANOS | |
| 650 | 4 | |9 1933 |a CAMBIO SOCIAL | |
| 650 | 7 | |9 8729 |a ORGANIZACIONES REVOLUCIONARIAS | |
| 942 | |2 ddc |c PP | ||
